<?xml version="1.0" encoding="UTF-8"?>
<marc:record xmlns:marc="http://www.loc.gov/MARC21/slim">
   <marc:leader>00000nam a2200000 a 4500</marc:leader>
   <marc:datafield ind1="1" ind2=" " tag="100">
      <marc:subfield code="a">Pearson, Jeremiah</marc:subfield>
      <marc:subfield code="4">aut</marc:subfield>
      <marc:subfield code="e">Verfasser/-in</marc:subfield>
   </marc:datafield>
   <marc:datafield ind1="0" ind2="0" tag="245">
      <marc:subfield code="a">Die Täuferin</marc:subfield>
   </marc:datafield>
   <marc:datafield ind1="0" ind2="0" tag="245">
      <marc:subfield code="b">der Bund der Freiheit. Historischer Roman</marc:subfield>
   </marc:datafield>
   <marc:datafield ind1=" " ind2="1" tag="264">
      <marc:subfield code="b">Lübbe</marc:subfield>
      <marc:subfield code="c">2015</marc:subfield>
   </marc:datafield>
   <marc:datafield ind1="1" ind2=" " tag="520">
      <marc:subfield code="a">AUFTAKT EINER FULMINANTEN HISTORISCHEN SAGA IN DER TRADITION VON KEN FOLLETT UND NOAH GORDON Böhmen, am Beginn der Reformation. Kristina ist noch ein Kind, als ihre Eltern auf dem Scheiterhaufen verbrannt werden. Sie seien Ketzer, so das Urteil, Feinde der katholischen Kirche. Weil sie daran glaubten, dass jeder Mensch das Recht hat, Lesen zu lernen. Jahre später will Kristina ihr Werk fortführen. Mit einer kleinen Gruppe Gleichgesinnter macht sie sich auf die gefährliche Reise nach Deutschland, um Verbündete in Mainz und Würzburg zu unterstützen. Doch unterwegs lauern nicht nur Ketzerjäger, sondern auch der Krieg. Bald liegt Kristinas Schicksal in der Hand eines einzigen Mannes: des hitzköpfigen Bauernkriegers Lud.</marc:subfield>
   </marc:datafield>
   <marc:datafield ind1=" " ind2=" " tag="020">
      <marc:subfield code="a">9783785725375</marc:subfield>
      <marc:subfield code="9">9783785725375</marc:subfield>
   </marc:datafield>
</marc:record>
